| 000 | 00827cab a2200229 4500 | ||
|---|---|---|---|
| 001 | X1744 | ||
| 008 | 090401t1994 xxu||||| |||| 00| 0 eng d | ||
| 035 | _a(Sirsi) u18996 | ||
| 041 | _aeng | ||
| 245 | _aHanning v Top Deck Travel Group Ltd | ||
| 260 | _c1994 | ||
| 350 | _a0 | ||
| 490 |
_aProperty and Compensation Reports _v(1994) 68 P&CR 14-25(12) |
||
| 520 | _aCA 5 May 1993. Easements - prescriptions - illegal use of manorial waste ground by reason of section 193 of the Law of Property Act 1925 - proprietary estoppel - whether illegal use prevented acquisition of easement. | ||
| 650 | _aEASEMENTS | ||
| 650 | _aHANNING V TOP DECK TRAVEL GROUP | ||
| 650 | _aLAW OF PROPERTY ACT 1925 | ||
| 650 | _aPROPRIETARY ESTOPPEL | ||
| 690 | _aHIGHWAYS RIGHTS OF WAY AND EASEMENTS | ||
| 942 | _n0 | ||
| 948 | _c04/03/1997 | ||
| 999 |
_c12641 _d12641 |
||